000 01436nam a22003857a 4500
003 CHAP
005 20220329141228.0
008 971010s1964 r 00010 d
010 _a64771
011 _a65743
035 _a73044
040 _cCHAP
082 _a634.94
_bM37
100 0 0 _aMarroquín, Jorge S.
_971571
245 _aEstudio ecológico dasonómico de las zonas áridas del Norte de México
260 _aMéxico, D. F. :
_bInstituto Nacional de Investigaciones Forestales,
_c1964
300 _a166 p.
_b: ilus.; láms.
490 _aPublicación especial
_v; 2
590 _aBATCH-UPD
_b10
_c20130110
_lUCH01
_h0336
590 _aBATCH-UPD
_b10
_c20130110
_lUCH01
_h1727
590 _aBATCH-UPD
_b10
_c20130410
_lUCH01
_h0010
590 _aBATCH-UPD
_b10
_c20130410
_lUCH01
_h1610
590 _aBATCH-UPD
_b10
_c20130914
_lUCH01
_h0717
590 _aCONVERSION
_b10
_c20130109
_lUCH01
_h1335
650 1 4 _aBosques
_xMéxico.
_914341
650 1 4 _aEcología forestal.
_935176
650 1 4 _aSilvicultura
_xPublicaciones periódicas.
_9106124
830 0 _aPublicación especial
_v; 2
_992760
901 _aBK
942 _cLIBRO
949 _a634.94 M37
_bBC
_cESP
_d-146392
_eESP
_fc.2
_h27896
_i73044
_si
949 _a634.94 M37
_bBC
_cLIBRO
_d33724000248753
_eLIBRO
_fc.3
_h67805
_i73044
_si
949 _a634.94 M37
_bBC
_cLIBRO
_d33724000658241
_eLIBRO
_h12831
_i73044
_si
949 _a634.94 M37
_bDCF
_cLIBRO
_d-5802
_eLIBRO
_h3868
_i73044
_si
999 _c64771
_d64771